Responses for Show #4889 - Thursday, December 8, 2005

Contestants

[<< previous game]

LeeAundra Temescu, a communications coach originally from Troy, Michigan

Michael Salerno, a law student from New York, New York

James Quintong, a sportswriter from Atlanta, Georgia (whose 1-day cash winnings total $4,001)

[next game >>]

Jeopardy! Round responses

STREET SMARTS
"J" WALKING THROUGH HISTORY
THE PAULY SHORE FILE
YOUR FINANCIAL HEALTH
THANKS
DROP AN O
(Alex: In that category, each correct response will be two words. The first word will have a double "O", and the second word will drop an "O". There will only be one.)
    $200 11
52nd Street

Triple Stumper
    $200 2
Napoleon & Josephine

James
    $200 1
Beverly Hills High

LeeAundra
    $200 21
(LeeAundra: What is Rogaine?)

Merck

LeeAundra
Triple Stumper
    $200 13
King Lear

LeeAundra
    $200 16
soot & sot

Michael
    $400 12
Drury Lane

Triple Stumper
    $400 7
Judah

LeeAundra
    $400 3
MTV

James
    $400 24
Pfizer

Michael
    $400 14
(LeeAundra: What is "Thanks For The Memories"?)
...
(Alex: LeeAundra, you made a common mistake, it's called [*], not plural.)
(LeeAundra: Ah.)

"Thanks For The Memory"

LeeAundra
Triple Stumper
    $400 17
noose & nose

Michael
    $600 25
Beacon Street

Michael
    $600 8
Jim Crow laws

LeeAundra
    $600 4
Encino Man

James
    $600 28
Bristol-Myers

James
    $600 15
Margaret Thatcher

Michael
    $600 18
groove & grove

Triple Stumper
    $800 26
High Street

Triple Stumper
    $800 9
(LeeAundra: Who is Jackson?)
(James: Who is Jefferson Davis?)

Andrew Johnson

JamesLeeAundra
Triple Stumper
    $800 5
Lenny Bruce

James
    $800 29
GlaxoSmithKline

Michael
    $800 22
Santa Claus

James
    $800 19
sloop & slop

LeeAundra
    $1000 27
the Corniche

Triple Stumper
    $1000 10
(Michael: Who is James I?)
[Alex refers to LeeAundra as "Lee" throughout this category and the next.]

James II

MichaelLeeAundra
    $1000 6
(Alex: Hey, Pauly's going to be happy with your performance!)

The Comedy Store

James
    $1000 30
AstraZeneca

LeeAundra
    $1000 23
Nelson

LeeAundra
    $1000 20
droop & drop

Michael

Scores at the first commercial break (after clue 15):

James Michael LeeAundra
$2,200 -$400 $1,200

Scores at the end of the Jeopardy! Round:

James Michael LeeAundra
$3,600 $3,000 $3,800

Double Jeopardy! Round responses

ISLAM
SMALL SCREEN CRITTERS
WORLD UNIVERSITIES
TREES
BUILDING CHARACTER
"CAT" GOT YOUR ANSWER
    $400 12
Muhammad

Michael
    $400 11
Gentle Ben

LeeAundra
    $400 6
the Sorbonne

LeeAundra
    $400 8
cork

Michael
    $400 18
The Old Man and the Sea

LeeAundra
    $400 1
a catchphrase

James
    $600 13
(Michael: [Upon revealing the Daily Double] Good God. Oh, geez.)

prayers

Michael
    $800 14
Lassie

LeeAundra
    $800 7
(James: What is Oxford?)

Cambridge

JamesMichael
    $800 9
the willow

Triple Stumper
    $800 19
(Michael: What is A Connecticut Yankee in King Arthur's Court?)

The Prince and the Pauper

Michael
Triple Stumper
    $800 2
caterwaul

LeeAundra
    $1200 15
a martyr

LeeAundra
    $1200 28
(Alex: ¡Arriba!)

Speedy Gonzales

James
    $1200 23
the Philippines

James
    $1200 10
the aspen

Triple Stumper
    $1200 20
the Artful Dodger

James
    $1200 3
Catalonia

LeeAundra
    $1600 16
halal

Michael
    $1600 27
Astro

James
    $1600 24
McGill

James
    $1600 29
(James: What is caruba?)
...
(Alex: You were on the right track, James, but I bet you wanted to say [*], not caruba.)

carnauba

James
Triple Stumper
    $1600 21
Hermann Hesse

LeeAundra
    $1600 4
Catawba

James
    $2000 17
Baraka

Triple Stumper
    $2000 26
Topper

LeeAundra
    $2000 25
William of Orange

Triple Stumper
    $2000 30
the monkey bread tree

Triple Stumper
    $1,000 22
(LeeAundra: What is Shangri-La?)
(Alex: No, that's the place, but [*] is the work.)

Lost Horizon

LeeAundra
    $2000 5
Bruce Catton

Triple Stumper

Scores at the end of the Double Jeopardy! Round:

James Michael LeeAundra
$10,000 $6,000 $11,600

[wagering suggestions for these scores]

Final Jeopardy! Round responses

POLITICAL LINGO
(Alex: We'll start with Anna Kournikov--... I'm sorry, we'll start with Michael Salerno. And let's see what he put down as his response.)
[Laughter]
MichaelWhat is a Fillibuster
$5,601
JamesWhat is a filibuster?
$4,000
LeeAundraWhat is fillibuster
$8,401
filibusters

Final scores:

James Michael LeeAundra
$14,000 $11,601 $20,001
2nd place: $2,000 3rd place: $1,000 New champion: $20,001

Game dynamics:

Coryat scores:

James Michael LeeAundra
$10,000 $6,200 $12,600
14 R,
3 W
12 R
(including 2 DDs),
2 W
17 R,
4 W
(including 1 DD)

Combined Coryat: $28,800

[game clues] [game scores] [suggest correction]

Game tape date: 2005-09-20
The J! Archive is created by fans, for fans. Scraping, republication, monetization, and malicious use prohibited; this site may use cookies and collect identifying information. See terms. The Jeopardy! game show and all elements thereof, including but not limited to copyright and trademark thereto, are the property of Jeopardy Productions, Inc. and are protected under law. This website is not affiliated with, sponsored by, or operated by Jeopardy Productions, Inc. Join the discussion at JBoard.tv.